000 00319nam a2200133Ia 4500
008 230822s2011 xx 000 0 und d
020 _a9770000000000
041 _aeng
082 _a720.92
100 _aCORREA C
245 _aPA RO ARCHITECT 22
260 _bARCTURUS PUBLICATIONS LTD, LONDON
_c2011
300 _a239
999 _c858823
_d858823